Modern Electrodynamics

Salvato in:
Dettagli Bibliografici
Autore principale: Zangwill, Andrew (Autore)
Natura: Libro
Lingua:inglese
Pubblicazione: Cambridge, United Kingdom. Cambridge University Press, 2013
Edizione:1a. ed
Soggetti:
Tags: Aggiungi Tag
Nessun Tag, puoi essere il primo ad aggiungerne!!

MARC

LEADER 00000cam a2200000 a 4500
001 UCC8796
003 CL-VaPUC
005 20211027105637.0
008 190814e20130000uk |||||||||||||||||eng|d
999 |c 375047  |d 375045 
020 |a 9780521896979 
040 |c Pontificia Universidad Católica de Valparaíso 
082 0 4 |a 537.6 ZAN 2013  |2 21 
100 0 |a Zangwill, Andrew  |e author  |9 252 
245 1 0 |a Modern Electrodynamics 
250 |a 1a. ed 
260 |a Cambridge, United Kingdom.  |b Cambridge University Press,  |c 2013 
300 |a 977 páginas 
583 |a last modification  |c 20190814 14:59:00  |k Rodrigo Vera 
650 0 |a Electrodinámica   |9 317185 
650 0 |a Propagación de ondas  |9 263256 
942 |c BK  |2 ddc 
945 |d 20190814 14:59:00  |a dcastane 
952 |0 0  |1 0  |3 erd  |4 0  |6 537_600000000000000_ZAN_2013  |7 0  |8 A  |9 493905  |a BIBCUR  |b BIBCUR  |i 5558867  |l 3  |m 2  |o 537.6 ZAN 2013  |p 5558867  |r 2025-04-22  |s 2025-03-12  |w 2019-11-24  |y BK  |z Catalogado en:20190814  |k FIS 
952 |0 0  |1 0  |3 erd  |4 0  |6 537_600000000000000_ZAN_2013  |7 0  |8 A  |9 493906  |a BIBCUR  |b BIBCUR  |i 5558875  |l 6  |m 3  |o 537.6 ZAN 2013  |p 5558875  |r 2025-04-22  |s 2025-03-18  |w 2019-11-24  |y BK  |z Catalogado en:20190814  |k FIS 
952 |0 0  |1 0  |3 erd  |4 0  |6 537_600000000000000_ZAN_2013  |7 0  |8 A  |9 493907  |a BIBCUR  |b BIBCUR  |i 5558883  |l 4  |m 2  |o 537.6 ZAN 2013  |p 5558883  |r 2025-04-22  |s 2025-03-12  |w 2019-11-24  |y BK  |z Catalogado en:20190814  |k FIS 
952 |0 0  |1 0  |3 erd  |4 0  |6 537_600000000000000_ZAN_2013  |7 0  |8 A  |9 493908  |a BIBCUR  |b BIBCUR  |i 5558891  |l 9  |m 5  |o 537.6 ZAN 2013  |p 5558891  |r 2025-04-22  |s 2025-03-21  |w 2019-11-24  |y BK  |z Catalogado en:20190814  |k FIS 
952 |0 0  |1 0  |3 erd  |4 0  |6 537_600000000000000_ZAN_2013  |7 0  |8 A  |9 493909  |a BIBCUR  |b BIBCUR  |i 5558905  |l 1  |m 2  |o 537.6 ZAN 2013  |p 5558905  |r 2025-04-22  |s 2024-03-13  |w 2019-11-24  |y BK  |z Catalogado en:20190814  |k FIS